| 000 | 00646nam a22001817a 4500 | ||
|---|---|---|---|
| 005 | 20251108164028.0 | ||
| 008 | 250721s1998 xx 000 0 ara d | ||
| 082 | 1 | 4 | _a320.9565/غني |
| 100 | 1 |
_aأبو غنيمه، أحمد زياد _eمؤلف |
|
| 245 | 1 | 0 | _aملامح الحياة السياسية في الأردن منذ العشرينات و حتى التسعينات / |
| 264 | 1 |
_aعمان : _bجمعية عمال المطابع التعاونية، _c1998. |
|
| 300 | _a321ص. | ||
| 650 | 1 | 7 | _aالأحوال السياسية |
| 650 | 1 | 7 | _aالتاريخ السياسي |
| 650 | 1 | 7 | _aالأردن |
| 942 |
_2ddc _cBK |
||
| 999 |
_c1810 _d1810 |
||